| 000 | 00679nam a22002057a 4500 | ||
|---|---|---|---|
| 003 | OSt | ||
| 005 | 20251001043910.0 | ||
| 008 | 251001b |||||||| |||| 00| 0 eng d | ||
| 020 | _a0912333812 | ||
| 040 |
_aDWCL-Main lib _cOC |
||
| 082 | _aCirc. 641.5638 C559g 1999 | ||
| 100 | _aChud, Deborah Friedson | ||
| 245 |
_aThe gourmet prescription: _bhigh flavor recipes for lower carbohydrates diets/ _cDeborah Friedson Chud |
||
| 260 |
_aSan francisco, CA: _bBay book and tapes Inc., _cc1999 |
||
| 300 |
_a271 pages: _b color illustration; _c24cm. |
||
| 504 | _aIncludes index | ||
| 650 | _a1. Cooking | ||
| 650 | _a2. Low-carbohydrate diet | ||
| 942 |
_2ddc _cBK-CIRC _kCirc. _n0 |
||
| 999 |
_c4602 _d4602 |
||